Kulovnice Saphire a Rover

Bibliographic Details
Main Author: Knotek, Jiří (Author)
Other Authors: Čtvrtečka, Ilja (Photographer)
Format: Article
Language:Czech
PhysicalDescription:Fotografie
ISSN:1212-5210
Subjects:

MARC

LEADER 00000nab a2200000 4500
001 vtls011776847
003 SK-MaSNL
005 20260303082409.0
008 180904 2018 xo 000 0 cze
015 |a SNBRB2018/08  |2 LMAOSK 
040 |a LMAOSK  |b slo  |c LMAOSK  |e rda 
041 0 |a cze 
044 |a xo  |c SK 
072 7 |a 639.1  |x Poľovníctvo  |2 konspekt 
072 7 |a 623  |x Vojenská technika  |2 konspekt 
080 |a 623.441/.443  |2 2011 
080 |a 623.44  |2 2011 
080 |a (046)  |2 2011 
100 1 |a Knotek, Jiří  |4 aut  |9 604284 
245 1 0 |a Kulovnice Saphire a Rover  |c text: Jiří Knotek ; foto: Ilja Čtvrtečka 
300 |b Fotografie 
336 |a text  |b txt  |2 rdacontent 
337 |a bez média  |b n  |2 rdamedia 
338 |a zväzok  |b nc  |2 rdacarrier 
500 |a Obsahuje technické údaje. 
650 0 7 |a Sabatti Saphire Wood (opakovacia guľovnica)  |2 LMAOSK  |9 1087235 
650 0 7 |a Sabatti Rover (opakovacia guľovnica)  |2 LMAOSK  |9 1087236 
650 0 7 |a strelné zbrane  |2 SNKPH  |9 68540 
650 0 7 |a ručné palné zbrane  |2 SNKPH  |9 28981 
650 0 7 |a poľovnícke zbrane  |2 SNKPHbucl  |9 69014 
650 0 7 |a guľovnice  |2 LMAOSK  |9 26610 
650 0 7 |a opakovacie guľovnice  |2 LMAOSK  |9 1050260 
655 7 |a články  |2 SNKPH  |9 70601 
700 1 |a Čtvrtečka, Ilja  |4 pht  |9 1082823 
773 0 |t Zbraně & náboje  |g Roč. XIX, č. 8 (2018), s. 59-61  |x 1212-5210 
852 |a LMAOSK  |b KIS3GCP 
958 |a NB 
999 |c 1787813  |d 1789743